000 00505nam a2200181Ia 4500
005 20250508161546.0
008 008 250505s9999 xx 000 0 eng d
037 _aTextual
040 _aFEDL
_beng
_cFEDL
041 _aeng
_2eng
084 _a954, GAF
_qFEDL
100 _aGafurov Bobojan
_9310295
245 0 _aFrom ancient history to contemporary times
260 _aDelhi, India
_bNavodya Prakashan
_c1973
300 _a158p.
942 _cTEXL
_h954, GAF
999 _c1370772
_d1370772